| 000 | 00512nam a2200217Ia 4500 | ||
|---|---|---|---|
| 008 | 170918s9999 xx 000 0 und d | ||
| 020 | _a9780545103749 | ||
| 050 | _bS857 2007 | ||
| 100 | _aStilton, Geronimo | ||
| 245 | 4 | _aThe haunted castle / | |
| 245 | _cby Geronimo Stilton. | ||
| 260 | _aNew York : | ||
| 260 | _bScholastic, | ||
| 260 | _c2007 | ||
| 300 | _a109 pages : | ||
| 300 | _bcolor illustrations ; | ||
| 300 | _c19cm. | ||
| 300 | _eGeronimo Stilton ; | ||
| 440 | _a46 | ||
| 500 | _a680 | ||
| 999 |
_c343660 _d343660 |
||